Statistiche per Europa Mappa Quiz

Clicka qui per fare il quiz!

Statistiche generali

  • Questo quiz è stato fatto 3.372 volte
  • Il punteggio medio è 28 su 45

Risposte nella Mappa

Le risposte nella mappa del quiz sottostante sono codificate secondo una scala di colori dal rosso al verde in base alla % di persone che hanno risposto correttamente.
 

Statistiche sulle risposte

Risposta% Corretto
Italia
87%
Francia
82%
Spagna
82%
Regno Unito
80%
Grecia
78%
Irlanda
78%
Portogallo
76%
Russia
76%
Germania
75%
Islanda
75%
Belgio
74%
Svizzera
72%
Danimarca
70%
Paesi Bassi
69%
Norvegia
68%
Austria
67%
Polonia
67%
Finlandia
66%
Estonia
62%
Lussemburgo
62%
Svezia
62%
Ucraina
61%
Bielorussia
59%
Città del Vaticano
59%
Malta
59%
Albania
58%
Croazia
58%
San Marino
58%
Lettonia
57%
Andorra
56%
Monaco
55%
Romania
55%
Cechia
53%
Lituania
53%
Liechtenstein
52%
Moldavia
51%
Slovacchia
51%
Slovenia
51%
Kosovo
49%
Bosnia
ed Erzegovina
47%
Macedonia
47%
Bulgaria
46%
Montenegro
46%
Serbia
43%
Ungheria
40%

Distribuzione punteggi

Percentile per numero di risposta

Percentuale di utenti per punteggio

I tuoi punteggi nel tempo

Non hai fatto questo quiz